| 000 | 00728nam a2200193 a 4500 | ||
|---|---|---|---|
| 008 | 100719s2001 ||||||||||||||||| || u | ||
| 050 | _aPAPERS/STAFF | ||
| 100 | _aMulenga, F | ||
| 245 | 1 | 4 | _aThe impact of HIV/AIDS on the operation of the University; the case of the Copperbelt University |
| 260 |
_aKitwe _bCopperbelt University _c2001 |
||
| 350 | _a0.00 | ||
| 650 | _aHIV/AIDS POLICY--ZAMBIA--UNIVERSITIES AND COLLEGES | ||
| 650 | _aHIV/AIDS--RESEARCH | ||
| 650 | _aHIV/AIDS--ZAMBIA | ||
| 650 | _aHEALTH | ||
| 700 | _aLungu, J | ||
| 700 | _aBeele, E. M | ||
| 995 |
_D0.00 _FCBU-MAIN LIBRARY (Kitwe) _H1 _I0.00 _M1 _UAVAILABLE _WJul 19, 2010 _ZUniversity Collection |
||
| 999 |
_c46283 _d46283 |
||